000 00963nam1a2200253 4500
001 RU\NLR\BIBL_A\011693115
005 20250807190208.0
035 _a(NLR Aleph) 011693115
090 _a74225
_c74225
100 _a20180507d1945 c y0rusy50 ca
101 0 _achv
102 _aRU
105 _ay z 000 y
200 1 _aАрифметика задачисемпе упражненисен кӗнеки
_fН. С. Попова
210 _aШупашкар
_cЧӑваш АССР Гос. Изд-ви
_d1945
215 _d17-20
541 1 _aСборник арифметических задач и упражнений
_zrus
689 1 _aВ10 я7
700 1 _aПопова
_bН. С.
_cпедагог-математик
_f1885-1975
_gНаталья Сергеевна
_3RU\NLR\AUTH\770198576
_4070
852 _aNLR
_bОНЛ
_jЧув./2-596
942 _cBOOK
945 _aРоссийская национальная библиотека
980 _aBV